000 00694na a2200217 4500
001 19170
003 MIRAKIL
005 20181213155057.0
008 161209b tu 000 0
040 _aMilas
_btur
_cTR-AnCHP
041 _atur
082 _a353.0313
_bD35s 1992
090 _a353.0313 D35s 1992
100 _aDemirel, Süleyman
245 _aVIII: Basın toplantısı
_bBaşbakan sayın Süleyman Demirel'in 24.7.1992 tarihli basın toplantısı
_cSüleyman Demirel
260 _aAnkara
_bBaşbakanlık
_c1992
300 _a44 s.
_c20 sm.
600 _aDemirel, Süleyman
_d1924-2015
_xSöylev ve demeçler
650 _aBaşbakanlar
_xBasın açıklamaları
942 _2dcc
_cBKS
999 _c6141
_d6141